|
|
|
|
| LEADER |
00000nam0a2200000 4500 |
| 001 |
79107 |
| 005 |
20231031094158.0 |
| 035 |
|
|
|a (RuTPU)RU\TPU\book\85006
|
| 090 |
|
|
|a 79107
|
| 100 |
|
|
|a 20050725d1967 k y0rusy50 ca
|
| 101 |
0 |
|
|a rus
|
| 102 |
|
|
|a RU
|
| 105 |
|
|
|a a z 000zy
|
| 200 |
1 |
|
|a Проблема узнавания
|f М. М. Бонгард
|
| 210 |
|
|
|a Москва
|c Наука
|d 1967
|
| 215 |
|
|
|a 320 с.
|c ил.
|
| 610 |
1 |
|
|a математика
|
| 610 |
1 |
|
|a мозг
|
| 610 |
1 |
|
|a логика
|
| 610 |
1 |
|
|a информация
|
| 610 |
1 |
|
|a узнавание
|
| 610 |
1 |
|
|a имитация
|
| 610 |
1 |
|
|a критерии
|
| 675 |
|
|
|a 519.2
|v 3
|
| 700 |
|
1 |
|a Бонгард
|b М. М.
|g Михаил Моисеевич
|
| 801 |
|
1 |
|a RU
|b 63413507
|c 20050725
|g PSBO
|
| 801 |
|
2 |
|a RU
|b 63413507
|c 20220615
|g PSBO
|
| 942 |
|
|
|c BK
|